Razon y legitimidad en Leibnitz : Una Interpretacion desde Ortega / (Record no. 118210)
[ view plain ]
| 000 -LEADER | |
|---|---|
| fixed length control field | 00564nam a22001937a 4500 |
| 005 - DATE AND TIME OF LATEST TRANSACTION | |
| control field | 20160711105659.0 |
| 008 - FIXED-LENGTH DATA ELEMENTS--GENERAL INFORMATION | |
| fixed length control field | 160711b sp||||| |||| 00| 0 spa d |
| 020 ## - INTERNATIONAL STANDARD BOOK NUMBER | |
| International Standard Book Number | 8430924612 |
| 050 04 - LIBRARY OF CONGRESS CALL NUMBER | |
| Classification number | Q175 |
| Item number | S35 1994 |
| 100 1# - MAIN ENTRY--PERSONAL NAME | |
| Personal name | Salas, Jaime de |
| 245 10 - TITLE STATEMENT | |
| Title | Razon y legitimidad en Leibnitz : Una Interpretacion desde Ortega / |
| Statement of responsibility, etc | Jaime de Salas. |
| 250 ## - EDITION STATEMENT | |
| Edition statement | 1a ed. |
| 260 ## - PUBLICATION, DISTRIBUTION, ETC. (IMPRINT) | |
| Place of publication, distribution, etc | Madrid : |
| Name of publisher, distributor, etc | Tecnos, |
| Date of publication, distribution, etc | 1994. |
| 300 ## - PHYSICAL DESCRIPTION | |
| Extent | 224 paginas. : |
| Dimensions | 22 cm. |
| 504 ## - BIBLIOGRAPHY, ETC. NOTE | |
| Bibliography, etc | Incluye bibliografía |
| 650 #4 - SUBJECT ADDED ENTRY--TOPICAL TERM | |
| Topical term or geographic name as entry element | Metafisica |
| General subdivision | Ciencia |
| 650 #7 - SUBJECT ADDED ENTRY--TOPICAL TERM | |
| Source of heading or term | Lemb |
| Topical term or geographic name as entry element | Filosofia |
| 942 ## - ADDED ENTRY ELEMENTS (KOHA) | |
| Source of classification or shelving scheme | Biblioteca del Cogreso de los Estados Unidos |
| Koha item type | Libro |
| Estado de pérdida | Fuente de clasificación | Estado del daño | No para préstamo | Ubicación permanente | Ubicación actual | Apartado o colección | Fecha de adquisición | Fuente de adquisición | Edición | Dependencia de educación superior (DES) | Área del conocimiento | Clasificación | Código de Barras | Date last seen | Número de copia | Tipo de recurso | Nota pública |
|---|---|---|---|---|---|---|---|---|---|---|---|---|---|---|---|---|---|
| Biblioteca del Cogreso de los Estados Unidos | Biblioteca de la Facultad de Físico Matemáticas | Biblioteca de la Facultad de Físico Matemáticas | General | 11/07/2016 | Donación | 1a ed. | Ingeniería y Arquitectura | Ingeniería y Tecnología | Q175 S35 1994 C:1 | FFM000011709 | 11/07/2016 | C:1 | Libro | Lectura |